00587pab a2200157 454500008003600000100002300036245007500059362002800134650004100162650004500203650004500248773003300293909001000326999001700336952007600353180718b xxu||||| |||| 00| 0 eng d aSoundarapandian M. aProblems of implementation of NREP in Kamarajar district of Tamil Nadu a11(6), Nov 92, p.827-38 a National Rural Employment Programme a Rural Employment -- India -- Tamil Nadu aEmployment, Rural -- India -- Tamil Nadu aJournal of Rural Development a24838 c24838d24838 00104070aIIPAbIIPAd2018-07-19pAR24910r2018-07-19w2018-07-19yAR